000 00464nam a2200145Ia 4500
008 151015s9999 xx 000 0 und d
020 _a618123555
050 _aPN4121.A677 2002
245 _aAndrews Patricia Hayes
250 _a_Public Speaking Connecting You and Your Audience(2nd ed.)/ Patricia Hayes andrews
300 _aBoston : Houghton Mifflin , 2002
500 _aIncludes index
650 _a_Public Speaking
700 _a^d20140210 12:45:56^oanne
999 _c4098
_d4098